Statystyki dla CO ROBIMY WIELOKROTNIE W CIĄGU DNIA?

Kliknij tutaj aby rozwiązać quiz!

Ogólne statystyki

  • Ten quiz został rozwiązany 90 razy
  • Średni wynik to 3 z 6

Statystyki odpowiedzi

Odpowiedź% Poprawnych
JEMY
97%
PIJEMY
85%
ROZMAWIAMY
35%
ODDYCHAMY
31%
MRUGAMY
30%
CHODZIMY DO TOALETY
3%

Rozkład punktacji

Percentyl według liczby udzielonych odpowiedzi

Procent ludzi z każdym wynikiem

Twoja historia wyników

Nie rozwiązałeś tego quizu